书目信息 |
| 题名: |
室外排水设计规范
|
|
| 作者: | ;上海市城市建设局革命委员会 主编 | |
| 分册: | ||
| 出版信息: | 北京 中国建筑工业出版社 1975 |
|
| 页数: | 60页 | |
| 开本: | 19cm | |
| 丛书名: | ||
| 单 册: | ||
| 中图分类: | TU823-65 | |
| 科图分类: | ||
| 主题词: | 排水设备:房屋建筑设备--设计--规范 , 房屋建筑设备:排水设备--设计--规范 | |
| 电子资源: | ||
| ISBN: | 15040.3186 | |
| 000 | 00792nam0 2200241 450 | |
| 001 | 0175005314 | |
| 005 | 20100712215056.0 | |
| 010 | @a15040.3186@dCNY0.18 | |
| 091 | @a15040.3186 | |
| 100 | @a19980306d1975 em y0chiy0110 ea | |
| 101 | 0 | @achi |
| 102 | @aCN@b110000 | |
| 105 | @ay l 000yy | |
| 106 | @ar | |
| 200 | 1 | @a室外排水设计规范@9Shi Wai Pai Shui She Ji Gui Fan @eTJ 14-74@e试行@f上海市城市建设局革命委员会主编 |
| 210 | @a北京@c中国建筑工业出版社@d1975 | |
| 215 | @a60页@d19cm | |
| 606 | 0 | @a排水设备:房屋建筑设备@x设计@x规范 |
| 606 | 0 | @a房屋建筑设备:排水设备@x设计@x规范 |
| 690 | @aTU823-65@v3 | |
| 711 | 02 | @a上海市城市建设局革命委员会@9shang hai shi cheng shi jian she ju ge ming wei yuan hui@4主编 |
| 801 | 0 | @aCN@b91MARC@c20130904 |
| 905 | @aBZT@dTU823@e1@f2@sTU823/1 | |
| 室外排水设计规范:TJ 14-74:试行/上海市城市建设局革命委员会主编.-北京:中国建筑工业出版社,1975 |
| 60页;19cm |
| ISBN 15040.3186:CNY0.18 |
| ● |
| 相关链接 |
|
|
|
正题名:室外排水设计规范
索取号:TU823/1
 
预约/预借
| 序号 | 登录号 | 条形码 | 馆藏地/架位号 | 状态 | 备注 |
| 1 | 2000109093 | 2000109093 | 旧书回溯/ [索取号:TU823/1] | 在馆 | |
| 2 | 2000109094 | 2000109094 | 旧书回溯/ [索取号:TU823/1] | 在馆 |